Hydrogen as an energy vector : proceedings of the international seminar held in Brussels, 12-14 February 1980 /
Guardado en:
| Autores Corporativos: | , |
|---|---|
| Otros Autores: | , |
| Formato: | Libro |
| Idioma: | English French German |
| Publicado: |
Dordrecht, Holland : Hingham, MA :
D. Reidel Pub. Co. ; distributed in the U.S.A. and Canada by Kluwer Boston,
c1980.
|
| Materias: | |
| Etiquetas: |
Agregar Etiqueta
Sin Etiquetas, Sea el primero en etiquetar este registro!
|
| LEADER | 01324cam a22003135a 4500 | ||
|---|---|---|---|
| 001 | EIQ.libpla002396 | ||
| 008 | 800422s1980####ne#ao####b####101#0#eng#d | ||
| 005 | 20070606144313.0 | ||
| 245 | 0 | 0 | |a Hydrogen as an energy vector : |b proceedings of the international seminar held in Brussels, 12-14 February 1980 / |c edited by A.A. [i.e. A.S.] Strub and G. Imarisio. |
| 260 | |a Dordrecht, Holland : |b D. Reidel Pub. Co. ; |a Hingham, MA : |b distributed in the U.S.A. and Canada by Kluwer Boston, |c c1980. | ||
| 300 | |a xii, 703 p. : |b il., fotos ; |c 23 cm. | ||
| 500 | |a Sponsored by the Commission of the European Communities. | ||
| 500 | |a "EUR 6783." | ||
| 500 | |a Artículos en inglés, francés y alemán. | ||
| 504 | |a Incluye referencias bibliográficas e índice. | ||
| 020 | |a 9027711240 | ||
| 111 | 2 | |a International Seminar on Hydrogen as an Energy Vector |d (1980 : |c Brussels) | |
| 700 | 1 | |a Strub, A. S. |q (Albert S.), |e ed. |4 edt | |
| 700 | 1 | |a Imarisio, G., |e ed. |4 edt | |
| 710 | 2 | |a Commission of the European Communities. | |
| 082 | 0 | 0 | |a 665.8/1 |
| 650 | 4 | |a Hidrógeno |x Congresos. | |
| 650 | 4 | |a Hidrógeno |x Combustible. | |
| 650 | 0 | |a Hydrogen |x Congresses. | |
| 650 | 0 | |a Hydrogen |x Fuel. | |
| 010 | |a 80016289 | ||
| 040 | |a DLC |c DLC |d AR-BbSID | ||
| 041 | 0 | |a eng |a fre |a ger | |
| 859 | |a AR-BbSID |b BIB. PLAPIQUI |h 665.81 |i In 8 |p 1573 | ||
